| 000 | 00466nam a22001937a 4500 | ||
|---|---|---|---|
| 003 | CEME | ||
| 005 | 20210628205326.0 | ||
| 008 | 201230b xxu||||| |||| 00| 0 eng d | ||
| 020 | _a8123904118 | ||
| 040 | _cceme | ||
| 082 | _a670.42 CHA | ||
| 100 |
_aChapman, W.A.J _910212 |
||
| 245 | _aWorkshop technology - part -2 | ||
| 250 | _a4TH | ||
| 260 |
_aINDIA _bCBS PUBLISHER _c2007 |
||
| 300 | _a399P | ||
| 650 |
_aWORKSHOP TECHNOLOGY _962971 |
||
| 942 |
_cBK _2ddc |
||
| 999 |
_c580457 _d580457 |
||